La naturaleza de la función ahorro en los países en desarrollo (Registro nro. 6265)

Detalles MARC
000 -LEADER
fixed length control field 01057 a2200205 4500
001 - CONTROL NUMBER
control field 57753
005 - DATE AND TIME OF LATEST TRANSACTION
control field 20260407155837.0
008 - FIXED-LENGTH DATA ELEMENTS--GENERAL INFORMATION
fixed length control field 260407a1974 arg spa d
003 - CONTROL NUMBER IDENTIFIER
control field AR-UNSa-BCEJYS
040 ## - CATALOGING SOURCE
Original cataloging agency AR-UNSa-BCEJYS
Language of cataloging spa
Transcribing agency AR-UNSa-BCEJYS
080 ## - UNIVERSAL DECIMAL CLASSIFICATION NUMBER
Universal Decimal Classification number 658.18
Common auxiliary subdivision Medidas de ahorro (en general)
100 1# - MAIN ENTRY--PERSONAL NAME
Personal name Mikesell, Raymond F.
245 10 - TITLE STATEMENT
Title La naturaleza de la función ahorro en los países en desarrollo
264 #1 - PRODUCTION, PUBLICATION, DISTRIBUTION, MANUFACTURE, AND COPYRIGHT NOTICE
Place of production, publication, distribution, manufacture México :
Name of producer, publisher, distributor, manufacturer CEMLA (Centro de Estudios Monetarios Latinoamericanos)
Date of production, publication, distribution, manufacture, or copyright notice 1974
300 ## - PHYSICAL DESCRIPTION
Extent 160 p.
Dimensions 20 cm.
505 ## - FORMATTED CONTENTS NOTE
Formatted contents note Primera parte: hipótesis sobre el comportamiento del ahorro: 1. Conceptos sobre el ahorro y métodos para el cálculo – 2. Hipótesis referentes al ingreso y al ahorro nacionales – 3. Relaciones entre el ahorro y otras variables – Segunda parte: estudios técnicos sobre el comportamiento del ahorro: 1. Comportamiento del ahorro respecto al ingreso – 2. Comportamiento al ahorro respecto a otras variables
590 ## - LOCAL NOTE (RLIN)
Local note niveau_biblio:m niveau_hierar:0
700 1# - ADDED ENTRY--PERSONAL NAME
Personal name Zinser, James E.
942 ## - ADDED ENTRY ELEMENTS (KOHA)
Koha item type
Existencias
Withdrawn status Lost status Damaged status Not for loan Home library Current library Shelving location Date acquired Total checkouts Full call number Barcode Date last seen Price effective from Koha item type
        Biblioteca Prof. Eusebio Cleto del Rey Biblioteca Prof. Eusebio Cleto del Rey   07/04/2026   658.18 M618 L128846 07/04/2026 07/04/2026 Libro